00514nam a2200169Ia 450000500170000000800410001702000150005808200130007310000190008624500240010526000560012930000200018550000200020594200060022595200980023199900150032920241202020308.0240331s9999 xx 000 0 und d a8174763074 bMILa891 aMiller, Arthur 0aDeath of a salesman aIndiabUBS Publishers Distributors Pvt. Ltd.c2004  aXVI, 131 p .,  aA society story cL 001040708LaWERCLbWERCLcSSCd2024-03-31l0o 891.48 MILp6837r2024-03-31w2024-03-31yL c5849d5849